000 00936cam a2200289I 4500
999 _c4716
_d4716
001 21226
003 GBCCL
005 20241126110525.0
008 720817s1960 nyu b 000 0 eng
010 _a 60008551 /L
015 _aGB61-2963
029 1 _aUKM
_bb6102963
035 _a(OCoLC)00384331
040 _aDLC
_cWSU
_dOCL
_dSER
_dUKM
049 _aLBBK
050 0 _aBT10
_b.K5
082 _a230.082
_bBAR
092 _a230
_bK49
100 1 _aKimmel, William Breyfogel,
_d1908-
_eed.
_98619
245 1 0 _aDimensions of faith;
_bcontemporary prophetic Protestant theology.
_c[By] Karl Barth [and others] edited by William Kimmel and Geoffrey Clive. With a foreword by James Luther Adams.
260 _aNew York,
_bTwayne Publishers
_c[1960]
300 _a507 p.
_c21 cm.
504 _aIncludes bibliography.
650 0 _aTheology, Doctrinal.
_914
700 1 0 _aClive, Geoffrey,
_d1927-
_ejoint ed.
_98620
942 _2ddc
_cBK
_02